00730nam a2200193 a 4500003000200000005001700002008004100019050002900060100002800089245008600117260009300203300004000296504004100336650003400377650003900411650002800450650002500478650003300503020250226124333.0100827s19uu xx 00 eng d aPGS ML 3830b.Ar673 2010 aArchibald, Mia Beatrix. aPerceptions of music training and cognitive development /cMia Beatrix Archibald. aLas Piñas City, Philippines : bSouthville International School and Colleges, c2010. a19 pages :billustrations ;c28 cm. aIncludes bibliographical references. aMusicvPsychological aspects. aMusic trainingvCognitive effects. aCognition in children.  aMusic in education.  aChild development and music.